LEADER 02749nam 2200589Ia 450 001 996209982503316 005 20230213211342.0 010 $a1-282-11206-6 010 $a9786612112065 010 $a0-470-06662-8 010 $a0-470-06664-4 035 $a(CKB)1000000000376417 035 $a(EBL)470373 035 $a(OCoLC)609849210 035 $a(SSID)ssj0000354565 035 $a(PQKBManifestationID)11251822 035 $a(PQKBTitleCode)TC0000354565 035 $a(PQKBWorkID)10302802 035 $a(PQKB)11444752 035 $a(MiAaPQ)EBC470373 035 $a(EXLCZ)991000000000376417 100 $a19870521d1981 uy 0 101 0 $aeng 135 $aur|n|---||||| 181 $ctxt 182 $cc 183 $acr 200 00$aOrganic reaction mechanisms$h1980$iAn annual survey covering the literature dated December 1979 to November 1980$b[electronic resource] /$fedited by A.C. Knipe and W.E. Wattts 210 $aLondon ;$aNew York $cInterscience Publishers$d1981 215 $a1 online resource (730 p.) 225 0 $aOrganic reaction mechanicsm ;$v1980 300 $aDescription based upon print version of record. 311 $a0-471-10004-8 320 $aIncludes bibliographical references and index. 327 $aORGANIC REACTION MECHANISMS . 1980; Contents; 1. Reactions of Aldehydes and Ketones and their Derivatives; 2. Reactions of Acids and their Derivatives; 3. Radical Reactions; 4. Oxidation and Reduction; 5. Carbenes and Nitrenes; 6. Nucleophilic Aromatic Substitution; 7. Electrophilic Aromatic Substitution; 8. Carbocations; 9. Nucleophilic Aliphatic Substitution; 10. Carbanions and Electrophilic Aliphatic Substitution; 11. Elimination Reactions; 12. Addition Reactions: Polar Addition; 13. Addition Reactions: Cycloaddition; 14. Molecular Rearrangements; Author Index, 1980; Subject Index, 1980 330 $aThis annual series on organic reaction mechanisms research provides concise, comprehensive coverage of the year's literature as well as discussions of important results. The present volume either discusses or lists all published work dated from December to November inclusive, that deals significantly with any aspect of organic reaction mechanisms. 410 0$aOrganic Reaction Mechanisms Series 606 $aChemistry, Organic 606 $aOrganic reaction mechanisms 615 0$aChemistry, Organic. 615 0$aOrganic reaction mechanisms. 676 $a547.139 676 $a547.2 701 $aKnipe$b A. C$0854345 701 $aWatts$b W. E$095643 801 0$bMiAaPQ 801 1$bMiAaPQ 801 2$bMiAaPQ 906 $aBOOK 912 $a996209982503316 996 $aOrganic reaction mechanisms$91910006 997 $aUNISA